UM Logo

The Futures of criminology/ (Record no. 7753)

MARC details
000 -LEADER
fixed length control field 00502nam a2200169 4500
008 - FIXED-LENGTH DATA ELEMENTS--GENERAL INFORMATION
fixed length control field 171115b xxu||||| |||| 00| 0 eng d
020 ## - INTERNATIONAL STANDARD BOOK NUMBER
International Standard Book Number 0-8038-8715-3
082 ## - DEWEY DECIMAL CLASSIFICATION NUMBER
Edition number 1994
Classification number DC 364
Item number F98
245 ## - TITLE STATEMENT
Title The Futures of criminology/
Statement of responsibility, etc. edited by David Nelken.
260 ## - PUBLICATION, DISTRIBUTION, ETC. (IMPRINT)
Place of publication, distribution, etc. London:
Name of publisher, distributor, etc. Sage Publications,
Date of publication, distribution, etc. ©1994
300 ## - PHYSICAL DESCRIPTION
Extent vi, 249 pages:
Other physical details Illustrations;
Dimensions 23 cm.
500 ## - GENERAL NOTE
General note Includes index.
650 #0 - SUBJECT ADDED ENTRY--TOPICAL TERM
9 (RLIN) 23359
Topical term or geographic name as entry element Crime.
700 ## - ADDED ENTRY--PERSONAL NAME
9 (RLIN) 23360
Personal name Nelken, David, (Ed).
365 ## - TRADE PRICE
Price amount 1767
Currency code Php
942 ## - ADDED ENTRY ELEMENTS (KOHA)
Source of classification or shelving scheme Dewey Decimal Classification
Koha item type Circulation
Holdings
Withdrawn status Lost status Source of classification or shelving scheme Damaged status Not for loan Collection code Home library Current library Date acquired Total Checkouts Full call number Barcode Date last seen Copy number Price effective from Koha item type
    Dewey Decimal Classification     Circulation UM Digos College - LIC UM Digos College - LIC     DC 364 F98 1994 19721 06/08/2021 1 11/15/2017 Circulation